| 000 | 00559nam a2200169 4500 | ||
|---|---|---|---|
| 008 | 150901b xxu||||| |||| 00| 0 eng d | ||
| 020 | _a0130162388 | ||
| 050 | _aG 70.212 .H49 1998 | ||
| 100 |
_aHeywood, Ian. _d1998. |
||
| 245 | _aAn introduction to geographical information system. | ||
| 260 |
_aNew Jersey; _bPrentice Hall, _c1998. |
||
| 300 |
_axiii, 279 p. : ill. _bIncludes index. |
||
| 650 | _aGeographical information system. | ||
| 700 | _aCornelius, Sarah. | ||
| 700 | _aCarver, Steve. | ||
| 942 |
_2lcc _cBOOKS _hG 70.212 .H49 1998 _01 |
||
| 999 |
_c4179 _d4179 |
||